| 000 | 00493nam a2200193 i 4500 | ||
|---|---|---|---|
| 001 | 25976 | ||
| 003 | ES-MaACL | ||
| 005 | 20230906153350.0 | ||
| 007 | t| | ||
| 008 | 030107s1978 sp ||||1| spa d | ||
| 245 | 0 | 0 | _aArte de canto llano. |
| 250 | _aEd. facs. | ||
| 260 |
_aMadrid : _bJoyas Bibliográficas, _c1978. |
||
| 300 |
_a16 h. ; _c20 cm. |
||
| 655 | 7 |
_2tgfbne _9226495 _aFacsĂmiles |
|
| 852 |
_aES-MaACL _j2108-F-10 _bR.98715 |
||
| 942 | _2udc | ||
| 999 |
_c25976 _d25976 |
||